Caminos sin ley

I tiakina i:
Ngā taipitopito rārangi puna kōrero
Kaituhi matua: Greene, Graham (Author)
Hōputu: Pukapuka
Reo:Pāniora
I whakaputaina: Buenos Aires Libros Centenario 1962
Rangatū:Viajes y aventuras, 18
Ngā marau:
Ngā Tūtohu: Tāpirihia he Tūtohu
Kāore He Tūtohu, Me noho koe te mea tuatahi ki te tūtohu i tēnei pūkete!

MARC

LEADER 00000nam a2200000 a 4500
001 UCX0754
003 CL-VaPUC
008 900308e19620000AG |||||||||||||||||spa|d
082 0 4 |a 928  |b GRE  |2 21 
100 0 |a Greene, Graham  |e author  |9 309259 
245 1 0 |a Caminos sin ley 
300 |a 276 p 
942 |c BK 
945 |d 19900308 00:00:00 
260 |a Buenos Aires  |b Libros Centenario  |c 1962 
600 0 7 |a GREENE, GRAHAM  |2 CL-VaPUC  |9 309259 
650 0 |a Relatos personales  |9 255122 
650 0 |a Descripciones y viajes  |9 262159 
651 0 |a México  |9 255269 
583 |a last modification  |c 19900308 00:00:00  |k Rodrigo Vera 
490 0 |a Viajes y aventuras, 18 
999 |c 222235  |d 222233 
952 |0 0  |1 0  |4 0  |6 928_000000000000000_GRE_1962  |7 0  |8 A  |9 216652  |a BIBEDU  |b BIBEDU  |d 2019-11-15  |i 2853612  |o 928 GRE 1962  |p 2853612  |r 2019-11-15  |w 2019-11-15  |y BK  |k LIT